
Library Catalogue

| 000 -LEADER | |
|---|---|
| fixed length control field | 02023nam a22003015i 4500 |
| 001 - CONTROL NUMBER | |
| control field | 22383058 |
| 005 - DATE AND TIME OF LATEST TRANSACTION | |
| control field | 20260421112657.0 |
| 008 - FIXED-LENGTH DATA ELEMENTS--GENERAL INFORMATION | |
| fixed length control field | 220114s2022 nyu 000 0 eng |
| 010 ## - LIBRARY OF CONGRESS CONTROL NUMBER | |
| LC control number | 2022930592 |
| 020 ## - INTERNATIONAL STANDARD BOOK NUMBER | |
| International Standard Book Number | 9780192848635 |
| Qualifying information | (paperback) |
| 035 ## - SYSTEM CONTROL NUMBER | |
| System control number | 22383058 |
| 040 ## - CATALOGING SOURCE | |
| Original cataloging agency | DLC |
| Language of cataloging | eng |
| Description conventions | rda |
| Transcribing agency | DLC |
| 042 ## - AUTHENTICATION CODE | |
| Authentication code | pcc |
| 082 ## - DEWEY DECIMAL CLASSIFICATION NUMBER | |
| Classification number | 346.022 CHE |
| 100 1# - MAIN ENTRY--PERSONAL NAME | |
| Personal name | Chen-Wishart, Mindy, |
| Relator term | author. |
| 245 10 - TITLE STATEMENT | |
| Title | Contract law / |
| Statement of responsibility, etc. | Mindy Chen-Wishart. |
| 250 ## - EDITION STATEMENT | |
| Edition statement | 7th. |
| 263 ## - PROJECTED PUBLICATION DATE | |
| Projected publication date | 2205 |
| 264 #1 - PRODUCTION, PUBLICATION, DISTRIBUTION, MANUFACTURE, AND COPYRIGHT NOTICE | |
| Place of production, publication, distribution, manufacture | New York : |
| Name of producer, publisher, distributor, manufacturer | Oxford University Press, |
| Date of production, publication, distribution, manufacture, or copyright notice | 2022. |
| 300 ## - PHYSICAL DESCRIPTION | |
| Extent | xxxvii, 659 pages; |
| Dimensions | 25 cm. |
| 336 ## - CONTENT TYPE | |
| Content type term | text |
| Content type code | txt |
| Source | rdacontent |
| 365 ## - TRADE PRICE | |
| Price amount | Rs. 6616.00 |
| 505 ## - FORMATTED CONTENTS NOTE | |
| Formatted contents note | Part I: Introduction:<br/>1:Introduction -<br/>Part II: Contract Formation:<br/>2:Agreement -<br/>3:Enforceability: consideration, promissory estoppel, formalities -<br/>Part III: Privity:<br/>4:Privity -<br/>Part IV: 'Vitiating' Factors:<br/>5:Misrepresentation and non-disclosure -<br/>6:Mistake -<br/>7:Frustration -<br/>8:Duress -<br/>9:Unfairness: undue influence, non-commercial guarantees, unconscionable bargains -<br/>Part V: The Contents of Contracts:<br/>10:Identifying and interpreting contractual terms -<br/>11:Direct control over terms -<br/>Part VI: Breach and Remedies for Breach:<br/>12:Breach of contract and termination -<br/>13:Damages -<br/>14:Specific and agreed remedies -<br/>Part VII: Good Faith:<br/>15:Good faith. |
| 520 ## - SUMMARY, ETC. | |
| Summary, etc. | Written by a leading contract lawyer with extensive teaching experience, Contract Law takes a unique approach to a complex subject.<br/>Chen-Wishart combines academic rigour with an innovative visual approach, presenting the law with diagrams, flowcharts and tables to provide students with a stimulating account of key principles and an engaging analysis of the complexities of contract law. Thought-provoking analytical features, such as the 'Pause for reflection' and 'Counterpoint' boxes, encourage active and critical engagement with the topics.<br/> |
| 906 ## - LOCAL DATA ELEMENT F, LDF (RLIN) | |
| a | 0 |
| b | ibc |
| c | orignew |
| d | 2 |
| e | epcn |
| f | 20 |
| g | y-gencatlg |
| 942 ## - ADDED ENTRY ELEMENTS (KOHA) | |
| Source of classification or shelving scheme | Dewey Decimal Classification |
| Koha item type | BOOKs |
| Withdrawn status | Lost status | Source of classification or shelving scheme | Materials specified (bound volume or other part) | Damaged status | Not for loan | Home library | Current library | Shelving location | Date acquired | Source of acquisition | Cost, normal purchase price | Total Checkouts | Full call number | Barcode | Date last seen | Price effective from | Koha item type | Public note |
|---|---|---|---|---|---|---|---|---|---|---|---|---|---|---|---|---|---|---|
| Dewey Decimal Classification | PB | . | . | Circulation Counter | 21.04.2026 | Purchased - Educational Supplies | 6615.00 | 346.022 CHE | 40813 | 21.04.2026 | 21.04.2026 | BOOKs | Recommended by Ms. Varsha Mahadeva Aithala |